Les musiques des films célèbres composées par Ennio Morricone - Statistiques

Statistiques générales
  • Ce quiz a été pris 359 fois
  • Le résultat moyen est 10 sur 19
Statistiques - réponses
Film Mot % Correct
Le bon, la brute et le ... truand
99%
Il était une fois dans l' ... ouest
93%
Pour une poignée de ... dollars
88%
Il était une fois en ... Amérique
83%
Mon nom est ... personne
81%
Les huit ... salopards
76%
Peur sur la ... ville
76%
Le clan des ... Siciliens
68%
A l'aube du cinquième ... jour
64%
Il était une fois la ... révolution
54%
I comme ... Icare
50%
Cinema ... paradiso
44%
Sacco et ... Vanzetti
32%
Les moissons du ... ciel
29%
La .... de San Sebastian bataille
27%
Sans ... apparent mobile
24%
Enquête sur un .... au-dessus de tout soupçon citoyen
20%
La bataille d' ... Alger
17%
Un pistolet pour ... Ringo
7%
Aucun quiz correspondant
Distribution des résultats
% des personnes avec chaque résultat
Percentile par nombre de réponses
Votre historique - résultats
Vous n’avez pas pris ce quiz